000 00799nam a22002417a 4500
003 NALT
005 20221111130827.0
008 s2011 eng d
040 _aNALT
041 _aeng
050 _aDD 259
_bS33M 2011
100 1 _aSchwarz, Hans-Peter
_929221
245 1 4 _aThe Meaning of Adenauer /
_cHans-Peter Schwarz ; Giles W. Bennett, translation.
260 _aFreiburg :
_bHerder,
_c2011.
300 _a200 p. :
_bill. ;
_c22 cm.
600 1 4 _aAdenauer, Konrad
_929224
650 0 _aHeads of state
_929223
_zGernamy (West)
_xBiography
651 0 _929225
_aGermany (West)
_xPolitics and government
700 1 _929226
_aBennett, Giles W.
850 _aNALT
942 _cGB
_2lcc
998 _bชวนพิชญ์ รัตนาไพบูลย์
_bphon
_c101
_j104
_k นางสาวสายฝน ดีงาม
999 _c71161
_d71161